Zayed, biografía de los Emiratos Árabes Unidos (Registro nro. 308811)

Detalles MARC
000 -ENCABEZADO
Número de control [NR] 00940nam a2200265Mi 4500
001 - NÚMERO DE CONTROL
control field on1008636343
005 - FECHA Y HORA DE LA ÚLTIMA TRANSACCIÓN
control field 20171205114718.0
008 - DE LONGITUD FIJA DE DATOS DE ELEMENTOS - INFORMACIÓN GENERAL
Elementos de longitud fija [NR] 171205s2016 ck o 000 0 spa d
015 ## - NUMERO DE BIBLIOGRAFIA NACIONAL [R]
Número de bibliografía nacional [R] ck-2016-xxxx
020 ## - NUMERO INTERNACIONAL NORMALIZADO PARA LIBROS [R]
Número Internacional Normalizado del libro [NR] 9789584800350
020 ## - NUMERO INTERNACIONAL NORMALIZADO PARA LIBROS [R]
Número Internacional Normalizado del libro [NR] 9584800353
035 ## - NUMERO DE CONTROL DEL SISTEMA [R]
Número de control del sistema [NR] (OCoLC)1008636343
040 ## - FUENTE DE CATALOGACION [NR]
Agencia de catalogación original [NR] Co-BoUCM
Idioma de catalogación [NR] spa
Quien Cataloga Saul Niño
Quien Clasifica Saul Niño
041 0# - CODIGO DE IDIOMA [R]
Código de idioma para texto/pista de sonido o título separado [R] Español
100 1# - ASIENTO PRINCIPAL--NOMBRE PERSONAL [NR]
Nombre personal [NR] Mogollón Pérez, Patricia
ID Autoridad 90050
245 10 - MENCION DE TITULO [NR]
Título [NR] Zayed, biografía de los Emiratos Árabes Unidos
Mención de responsabilidad, etc. [NR] Patricia Mogollón Pérez, Dixon Acosta Medellín
260 ## - PUBLICACION, DISTRIBUCION, ETC. (PIE DE IMPRENTA) [R]
Lugar de publicación, distribución, etc. [R] Colombia
Nombre del editor, distribuidor, etc. [R] Autores Editores
Fecha de publicación, distribución, etc. [R] 2016
300 ## - DESCRIPCION FISICA [R]
Extensión [R] 150 páginas
Otros detalles físicos [NR] fotografías
600 14 - ASIENTO SECUNDARIO DE MATERIA - NOMBRE PERSONAL [R]
Nombre personal [NR] Zayid ibn Sultan Al Nahayyan
Fechas asociadas con el nombre [NR] 1918-2004
9 (RLIN) 90051
651 #4 - ASIENTO SECUNDARIO DE MATERIA - NOMBRE GEOGRAFICO [R]
Nombre geográfico [NR] Emiratos Arabes Unidos
Subdivisión general [R] Historia
9 (RLIN) 90052
651 #4 - ASIENTO SECUNDARIO DE MATERIA - NOMBRE GEOGRAFICO [R]
Nombre geográfico [NR] Emiratos Arabes Unidos
Subdivisión general [R] Descripción
9 (RLIN) 90053
700 12 - ASIENTO SECUNDARIO - NOMBRE PERSONAL [R]
Nombre personal [NR] Acosta Medellín, Dixon
9 (RLIN) 90054
942 ## - ELEMENTOS DE ENTRADA AGREGADOS (KOHA)
Sistema de clasificación DEWEY
Tema principal Ciencia política
Tipo de ítem principal el descrito en 300a Libro
Edición 1
Clasificación 953.57
Parte restante de la signatura top. M696z
Existencias
Fecha de último préstamo Total préstamos Total Renewals Signatura topográfica Código de barras Última vez visto Ejemplar Costo de reposición Price effective from Tipo de ítem Perdido Sistema de clasificación Dañado No prestable Tipo de ítem específico Suprimido Ubicación habitual Ubicación actual Localización Fecha de creación Proveedor Forma de adquisición Costo
26/02/2019 3 4 953.57 M696z 100155852 10/12/2025 Ej.1 26000.00 24/11/2017 Libro   DEWEY     Libro   Claustro Claustro 2do piso 24/11/2017 12 Donación 0.00
20/05/2019 4 8 953.57 M696z 100155936 10/12/2025 Ej.2 26000.00 24/11/2017 Libro   DEWEY     Libro   Claustro Claustro 2do piso 24/11/2017 12 Donación 0.00